Entrepreneurship : a South African perspective (Record no. 180417)

MARC details
000 -LEADER
fixed length control field 00287nam a2200097Ia 4500
082 ## - DEWEY DECIMAL CLASSIFICATION NUMBER
Classification number 338.04|NIEM
008 - FIXED-LENGTH DATA ELEMENTS--GENERAL INFORMATION
fixed length control field 210817s9999 xx 000 0 und d
100 ## - MAIN ENTRY--PERSONAL NAME
Personal name NIEMAN, Gideon Pretoria, 2014 3rd ed
9 (RLIN) 57690
245 #0 - TITLE STATEMENT
Title Entrepreneurship : a South African perspective
942 ## - ADDED ENTRY ELEMENTS
item type Books
Holdings
Withdrawn status Lost status Damaged status Not for loan Home library Current library Date acquired Cost, normal purchase price Total Checkouts Barcode Date last seen Price effective from item type
        Emthonjeni PL (MMID-PLEMA-EMTH) Emthonjeni PL (MMID-PLEMA-EMTH) 18.08.2021 660.00   3322810064211 18.08.2021 18.08.2021 Books